02920nam a2200169 a 450000100080000000500110000800800410001910000200006024500870008026000370016730000100020452024680021465000100268265000180269270000240271070000160273411320322022-06-15 2022 bl uuuu t 00u1 u #d1 aCONCEI????O, G. aMonitoramento Climatol??gico Mensal - abril 2022 - Enercan.h[electronic resource] aFlorian??polis, SC: Epagric2022 a21 p. aEm abril, totais elevados de chuva continuaram ocorrendo na regi??o da Enercan, com acumulado de 193,2 mm, que corresponde 33% acima da m??dia climatol??gica. A precipita????o do m??s esteve associada a cavados (??reas de baixa press??o), a presen??a do Jato Subtropical (ventos fortes em altos n??veis da atmosfera) e a passagem de 4 frentes frias. Em Campos Novos, o total mais elevado de chuva de 41,8 mm ocorreu no dia 07/04, associado a temporais localizados. A varia????o mais significativa da press??o atmosf??rica em Campos Novos ocorreu na segunda quinzena do m??s. O valor m??nimo de press??o de 897,1 hPa ocorreu no dia 23/04, associado a passagem de uma frente fria. O valor m??ximo de 914,7 hpa (Figura 5) foi registrado no dia 01/04, associado a um sistema de alta press??o no Sul do Brasil. A temperatura ficou mais elevada na regi??o de Campos Novos na primeira quinzena do m??s e mais baixa na segunda devido a chegada de massas de ar frio mais intensas ao Sul do Brasil. As temperaturas m??ximas acima de 20??C e os valores m??dios, entre 15 e 23??C, ocorreram em grande parte dos dias na esta????o de Campos Novos. O valor m??ximo de temperatura foi de 28,9??C no dia 27/04, seguido de 27,3??C no dia 28/04, ambos associados a condi????o pr??-frontal (que antecede a chegada de uma frente fria). O valor m??nimo de 5,1??C foi registrado no dia 15/04, associado a um sistema de alta press??o no Sul do Brasil. A umidade relativa do ar m??nima, registrada em geral ?? tarde, ficou baixa em Campos Novos, com valores pr??ximos ou inferiores a 50 e 60% na maioria dos dias. O valor m??nimo de 35,2% foi registrado no dia 20/04, associado a uma massa de ar mais seco e frio. Essa condi????o favoreceu uma maior amplitude di??ria (diferen??a entre o maior e menor valor do dia), j?? que s??o comuns registros acima de 90% nas primeiras horas do dia, em qualquer ??poca do ano. No dia 09/04 ocorreu o valor m??ximo de umidade de 98,8% ao amanhecer, associado a nebulosidade baixa. O vento predominou de Leste(E)Nordeste(NE), com 131 registros, associado ao Anticiclone do Atl??ntico Sul. A maior frequ??ncia da intensidade m??dia do vento foi para o intervalo de 11 a 20 km/h, seguida de valores de 06 a 10 km/h. A rajada m??xima do vento em Campos Novos ficou pr??ximo de 50 km/h, nos dias 11 e 23/04, associado a condi????o de instabilidade devido a um cavado e passagem de uma frente fria seguida de uma massa de ar frio (sistema de alta press??o). aClima aMonitoramento1 aRODRIGUES, M. L. G.1 aCRUZ, G. S.